000 00948nam a2200253Ia 4500
003 OSt
005 20220930190017.0
006 a|||||r|||| 00| 0
007 ta
008 220926b |||||||| |||| 00| 0 hin d
020 _a8173120617 (hbk)
_c550
024 _a1413
037 _b406, 22/03/2010, Swaraj Prakashan
_cTextbook
040 _aCRL
_cCRL
_bhin
041 _2hin
_ahin
082 _aNW44,N, 152P6
100 _aसिन्हा, प्रसून
245 0 _aभारतीय सिनेमा
_b सिनेमा, देश - काल और समाज - एक अध्ययन
246 _aHīroan kī khetī
260 _aदिल्ली,
_bश्री नटराज प्रकाशन, भारत
_c2006
300 _a256पृ0
_ccm.
942 _hNW44,N, 152P6
_cTB
_2CC
999 _c891444
_d891444